| 000 | 00613nam a22002057a 4500 | ||
|---|---|---|---|
| 005 | 20251108173252.0 | ||
| 008 | 250721s2006 xx 000 0 ara d | ||
| 082 | 1 | 4 | _a371.8/سلي |
| 100 | 1 | _aسليم، صلاح فؤاد | |
| 245 | 1 | 0 | _aالنشاطات المدرسية / |
| 264 | 1 |
_aعمان : _bمكتبة المجتمع العربي، _c2006. |
|
| 300 | _a147ص. | ||
| 650 | 1 | 7 | _aاساليب التدريس |
| 650 | 1 | 7 | _aالنشاط الصفي |
| 650 | 1 | 7 | _aالنشاطات الثقافية |
| 650 | 1 | 7 | _aالتعليم |
| 650 | 1 | 7 | _aطرق التدريس |
| 942 |
_2ddc _cBK |
||
| 999 |
_c99966 _d99966 |
||